Objective and subjective changes in voice after endoscopic sinus surgeries /
Saved in:
| Main Author: | |
|---|---|
| Format: | Thesis Book |
| Language: | English |
| Published: |
2018.
|
| Subjects: | |
| Tags: |
Add Tag
No Tags, Be the first to tag this record!
|
| LEADER | 01033cam a2200289 i 4500 | ||
|---|---|---|---|
| 001 | u1140821 | ||
| 003 | SIRSI | ||
| 005 | 20210113 | ||
| 008 | 210113s20182018my a m 000 0 eng | ||
| 040 | |a UMP |e rda | ||
| 096 | |a WV20 |b UM 2018 Won | ||
| 100 | 1 | |a Wong, Eugene Hung Chih, |e author. | |
| 245 | 1 | 0 | |a Objective and subjective changes in voice after endoscopic sinus surgeries / |c Eugene Wong Hung Chih. |
| 264 | 1 | |c 2018. | |
| 264 | 4 | |c 2018. | |
| 300 | |a 32 leaves : |b color illustrations ; |c 30 cm. | ||
| 336 | |a text |2 rdacontent | ||
| 337 | |a unmediated |2 rdamedia | ||
| 338 | |a volume |2 rdacarrier | ||
| 502 | |b Ms.Orl. |c Department of Otorhinolaryngology, Faculty of Medicine, University of Malaya |d 2018 | ||
| 504 | |a Bibliography: leaves 29-30 | ||
| 650 | 1 | 2 | |a Endoscopy. |
| 650 | 2 | 2 | |a Paranasal Sinuses. |
| 710 | 2 | 0 | |a Universiti Malaya. |b Jabatan Otorinolaringologi, |e degree granting institution. |
| 900 | |a RAH | ||
| 596 | |a 2 | ||
| 999 | |a WV20 UM 2018 WON |w NLM |c 1 |i A517618652 |f 2/3/2021 |g 1 |l STACKS |m P02MEDKL |r Y |s Y |t TESIS |u 2/3/2021 | ||
